[Event "XIV American Continental"]
[Site "Sao Paulo BRA"]
[Date "2019.07.08"]
[Round "5.36"]
[White "Bortoloso, Moacir Canella"]
[Black "Donoso Diaz, Sebastian"]
[Result "0-1"]
[WhiteElo "2120"]
[BlackElo "2239"]
[EventDate "2019.07.05"]
[PlyCount "90"]
[EventRounds "11"]
[EventCountry "BRA"]

1.e4 c5 2.Nf3 e6 3.d4 cxd4 4.Nxd4 Nc6 5.Nc3 Qc7 6.Be3 a6 7.Be2 Nf6 8.O-O 
Be7 9.f4 d6 10.Kh1 O-O 11.Bf3 Bd7 12.Nb3 b5 13.a3 Rac8 14.g4 b4 15.axb4 
Nxb4 16.g5 Ne8 17.Bg2 g6 18.Qd2 Ng7 19.Rf3 Rfd8 20.Qf2 Rb8 21.Ba7 Rb7 22.
Bd4 e5 23.fxe5 dxe5 24.Be3 Be6 25.Nc5 Bxc5 26.Bxc5 Nxc2 27.Qxc2 Qxc5 28.
Bh3 Rdb8 29.Qa4 Bc4 30.Rc1 Nh5 31.Nd5 Bb3 32.Qa1 Qd4 33.Nc3 Qd8 34.Qxa6 
Qxg5 35.Qf1 Bc4 36.Qe1 Rxb2 37.Na4 Qxc1 38.Qxc1 Rb1 39.Rc3 Rxc1+ 40.Rxc1 
Rb4 41.Nc5 Nf4 42.Bf1 Bxf1 43.Rxf1 Kg7 44.Re1 Rc4 45.Nb3 Nd3 0-1

[Event "XIV American Continental"]
[Site "Sao Paulo BRA"]
[Date "2019.07.08"]
[Round "5.37"]
[White "Martins, Carlos"]
[Black "Ermel, Francisco Roberto"]
[Result "1-0"]
[WhiteElo "2238"]
[BlackElo "2064"]
[EventDate "2019.07.05"]
[PlyCount "111"]
[EventRounds "11"]
[EventCountry "BRA"]

1.e4 c5 2.Nf3 d6 3.d4 cxd4 4.Nxd4 Nf6 5.Nc3 a6 6.f3 e5 7.Nb3 Be7 8.Be3 Be6
9.Qd2 O-O 10.O-O-O Nbd7 11.g4 b5 12.g5 Nh5 13.Rg1 Nb6 14.Na5 Qc7 15.Kb1 
Rac8 16.Rg2 g6 17.h4 b4 18.Nd5 Nxd5 19.exd5 Bh3 20.Nc6 Bxg2 21.Qxg2 a5 22.
Bb5 Qb7 23.Qe2 Ra8 24.Ba4 Bd8 25.b3 Bb6 26.Qb5 Ra6 27.Nxa5 Qc7 28.Nc4 Bxe3
29.Qxa6 Bc5 30.Qc6 Qe7 31.Qd7 Qxd7 32.Bxd7 Nf4 33.a3 bxa3 34.c3 Ra8 35.Ba4
Ra6 36.Rd2 f5 37.gxf6 Kf7 38.Ka2 Kxf6 39.Nxa3 Be3 40.Rd1 Bf2 41.Kb2 Bxh4 
42.Bc6 Ne2 43.Rh1 Bg5 44.Nc4 h5 45.Nxd6 Bc1+ 46.Kc2 Ra2+ 47.Kd3 Rd2+ 48.
Kc4 Rc2 49.Ne4+ Ke7 50.Kd3 Rb2 51.d6+ Ke6 52.d7 Ke7 53.Re1 Nf4+ 54.Kc4 Ne2
55.Rd1 Kd8 56.Nc5 1-0

[Event "XIV American Continental"]
[Site "Sao Paulo BRA"]
[Date "2019.07.08"]
[Round "5.38"]
[White "Araujo, Sergio Murilo"]
[Black "Bouwman, Marcelo Wanderley"]
[Result "1-0"]
[WhiteElo "2090"]
[BlackElo "2234"]
[EventDate "2019.07.05"]
[PlyCount "75"]
[EventRounds "11"]
[EventCountry "BRA"]

1.d4 Nf6 2.c4 d6 3.Nc3 Nbd7 4.e4 e5 5.Nf3 Be7 6.h3 c6 7.Be2 O-O 8.Be3 a6 
9.O-O b5 10.a3 Bb7 11.cxb5 cxb5 12.d5 Nb6 13.Qb3 Nfd7 14.a4 f5 15.axb5 
fxe4 16.Nd2 a5 17.Ndxe4 h6 18.Rfd1 Nf6 19.Nxf6+ Bxf6 20.Na4 Nd7 21.Bg4 Bc8
22.Qc4 Rb8 23.Rac1 e4 24.Be6+ Kh8 25.Qxe4 Rxb5 26.Rc6 Qe7 27.Rdc1 Bb7 28.
Rc7 Rd8 29.Qf5 Ba8 30.Rxd7 Rxd7 31.Bxd7 Rb8 32.Rc8+ Rxc8 33.Bxc8 Qc7 34.
Qd7 Qc2 35.Qe8+ Kh7 36.Be6 Qd1+ 37.Kh2 Bxd5 38.Bf5+ 1-0

[Event "XIV American Continental"]
[Site "Sao Paulo BRA"]
[Date "2019.07.08"]
[Round "5.39"]
[White "Tsuboi, Edson Kenji"]
[Black "Caceres, Diego"]
[Result "1/2-1/2"]
[WhiteElo "2233"]
[BlackElo "2087"]
[EventDate "2019.07.05"]
[PlyCount "89"]
[EventRounds "11"]
[EventCountry "BRA"]

1.e4 c5 2.Nf3 g6 3.d4 cxd4 4.Nxd4 Nc6 5.c4 Bg7 6.Be3 Nf6 7.Nc3 d6 8.Be2 
O-O 9.O-O Bd7 10.Re1 Nxd4 11.Bxd4 Bc6 12.Bd3 a5 13.b3 Nd7 14.Bxg7 Kxg7 15.
Qd2 Nc5 16.Rad1 Qb6 17.Re3 h5 18.Bc2 Rad8 19.Nd5 Bxd5 20.exd5 e5 21.dxe6 
fxe6 22.Kh1 Rf6 23.f3 e5 24.Ree1 Rdf8 25.Qe3 Qc6 26.Be4 Qc7 27.Bd5 Rf4 28.
a3 b6 29.Qc3 Kh7 30.b4 axb4 31.axb4 Nd7 32.Re4 Nf6 33.Rxf4 Nxd5 34.Rxd5 
Rxf4 35.c5 bxc5 36.bxc5 Rd4 37.Rxd4 exd4 38.Qxd4 dxc5 39.Qc4 Qe5 40.g3 
Qe1+ 41.Kg2 Qd2+ 42.Kf1 Qd1+ 43.Kf2 Qd2+ 44.Kf1 Qd1+ 45.Kf2 1/2-1/2

[Event "XIV American Continental"]
[Site "Sao Paulo BRA"]
[Date "2019.07.08"]
[Round "5.40"]
[White "Urquiza, Marcello de Albuquerque"]
[Black "Cherniack, Alex"]
[Result "1-0"]
[WhiteElo "2043"]
[BlackElo "2231"]
[EventDate "2019.07.05"]
[PlyCount "69"]
[EventRounds "11"]
[EventCountry "BRA"]

1.e4 e5 2.Nf3 Nc6 3.d4 exd4 4.Nxd4 Bb4+ 5.c3 Be7 6.Bc4 Nf6 7.Nxc6 bxc6 8.
e5 Nd5 9.Qg4 g6 10.Bh6 Rg8 11.Bd2 d6 12.Qe2 Be6 13.Na3 dxe5 14.Qxe5 Bf6 
15.Qe2 Qd6 16.O-O g5 17.Bb3 Kf8 18.Nc4 Nf4 19.Bxf4 Qxf4 20.Ne3 Re8 21.Bc2 
h5 22.g3 Qe5 23.Qxh5 Rh8 24.Qf3 g4 25.Qg2 Kg7 26.Rae1 Qc5 27.Be4 Rh5 28.f3
Reh8 29.fxg4 Rxh2 30.Qxh2 Rxh2 31.Kxh2 Bd5 32.Nf5+ Kf8 33.Bb1 Qb5 34.Nd4 
Qxb2+ 35.Re2 1-0

[Event "XIV American Continental"]
[Site "Sao Paulo BRA"]
[Date "2019.07.08"]
[Round "5.41"]
[White "Nascimento, Pedro Henrique Alves"]
[Black "Guimaraes, Wagner Peixoto"]
[Result "1/2-1/2"]
[WhiteElo "1992"]
[BlackElo "2206"]
[EventDate "2019.07.05"]
[PlyCount "73"]
[EventRounds "11"]
[EventCountry "BRA"]

1.d4 Nf6 2.c4 g6 3.Nc3 Bg7 4.e4 d6 5.Be2 O-O 6.Nf3 e5 7.d5 Nh5 8.g3 a5 9.
Nh4 Nf6 10.O-O Na6 11.Be3 Nd7 12.Bg4 Ndc5 13.Bxc8 Qxc8 14.a3 Qd7 15.b3 f5 
16.f3 a4 17.b4 Nb3 18.Rb1 fxe4 19.fxe4 Rxf1+ 20.Qxf1 Rf8 21.Qg2 Nd4 22.Rf1
Qg4 23.Rxf8+ Bxf8 24.h3 Qh5 25.Qf2 Be7 26.Bxd4 exd4 27.Qxd4 Bxh4 28.gxh4 
Qf3 29.Kh2 Qf4+ 30.Kg2 Qc1 31.e5 Qb2+ 32.Kg3 dxe5 33.Qxe5 Qxa3 34.Qe8+ Kg7
35.Qe7+ Kg8 36.Qe8+ Kg7 37.Qe7+ 1/2-1/2

[Event "XIV American Continental"]
[Site "Sao Paulo BRA"]
[Date "2019.07.08"]
[Round "5.42"]
[White "Passos, Rafael Moreira"]
[Black "Uribe Arteaga, Daniel"]
[Result "0-1"]
[WhiteElo "1808"]
[BlackElo "2304"]
[EventDate "2019.07.05"]
[PlyCount "32"]
[EventRounds "11"]
[EventCountry "BRA"]

1.d4 d6 2.Nf3 Bg4 3.c4 Bxf3 4.exf3 g6 5.Nc3 Bg7 6.Be3 e6 7.Qb3 Ne7 8.O-O-O
O-O 9.h4 d5 10.h5 Nbc6 11.hxg6 hxg6 12.g4 Na5 13.Qa3 Nxc4 14.Bxc4 dxc4 15.
Bh6 Qd6 16.Qa4 Bxh6+ 0-1

[Event "XIV American Continental"]
[Site "Sao Paulo BRA"]
[Date "2019.07.08"]
[Round "5.43"]
[White "Perdomo, Leandro"]
[Black "Markzon, Gregory"]
[Result "1-0"]
[WhiteElo "2468"]
[BlackElo "2059"]
[EventDate "2019.07.05"]
[PlyCount "43"]
[EventRounds "11"]
[EventCountry "BRA"]

1.d4 Nf6 2.c4 g6 3.Nc3 Bg7 4.e4 d6 5.Nf3 O-O 6.h3 e5 7.d5 c6 8.Be3 a6 9.
Nd2 c5 10.g4 Nbd7 11.Bd3 Rb8 12.a4 Ne8 13.h4 Ndf6 14.Be2 Nc7 15.Rb1 a5 16.
Nf1 Bd7 17.Ng3 Nxg4 18.Bxg4 f5 19.Bg5 Qe8 20.exf5 Bxf5 21.Nge4 h6 22.Be3 
1-0

[Event "XIV American Continental"]
[Site "Sao Paulo BRA"]
[Date "2019.07.08"]
[Round "5.44"]
[White "De Borba, Guilherme"]
[Black "Lage, Pedro Ferreira"]
[Result "1-0"]
[WhiteElo "2330"]
[BlackElo "2050"]
[EventDate "2019.07.05"]
[PlyCount "77"]
[EventRounds "11"]
[EventCountry "BRA"]

1.Nf3 d5 2.b3 Nf6 3.Bb2 Bf5 4.g3 e6 5.Bg2 Be7 6.d3 h6 7.O-O O-O 8.Nbd2 c5 
9.c4 Bh7 10.Rc1 Nc6 11.cxd5 Nxd5 12.a3 Rc8 13.Rc2 b6 14.Qa1 Bf6 15.Rfc1 
Qd7 16.Nc4 Bxb2 17.Qxb2 Rc7 18.Nce5 Nxe5 19.Nxe5 Qe7 20.b4 Rfc8 21.b5 Qf6 
22.Rc4 Qe7 23.h4 Qd6 24.Nc6 Bg6 25.d4 cxd4 26.Rxd4 f5 27.Rcd1 Bf7 28.e4 
fxe4 29.Bxe4 a6 30.a4 axb5 31.axb5 Ra8 32.Bb1 Qc5 33.Qe2 Ra3 34.Qe4 Kf8 
35.Qe5 Rc8 36.Be4 Qxb5 37.Qd6+ Kg8 38.Bxd5 exd5 39.Ne7+ 1-0

[Event "XIV American Continental"]
[Site "Sao Paulo BRA"]
[Date "2019.07.08"]
[Round "5.45"]
[White "Jodorcovsky Werjivker, Paulo"]
[Black "De Arruda Filho, Nivaldo Jesus"]
[Result "1-0"]
[WhiteElo "2228"]
[BlackElo "2045"]
[EventDate "2019.07.05"]
[PlyCount "41"]
[EventRounds "11"]
[EventCountry "BRA"]

1.d4 Nf6 2.c4 g6 3.Nc3 d5 4.Nf3 Bg7 5.g3 O-O 6.cxd5 Nxd5 7.Bg2 Nxc3 8.bxc3
c5 9.O-O Nc6 10.Be3 Be6 11.Qa4 Bd5 12.dxc5 Qc7 13.Rad1 Rfd8 14.Bf4 Qa5 15.
Qxa5 Nxa5 16.Bc7 Nc6 17.Bxd8 Rxd8 18.Nd4 Nxd4 19.cxd4 Bxa2 20.Bxb7 Bc4 21.
c6 1-0

[Event "XIV American Continental"]
[Site "Sao Paulo BRA"]
[Date "2019.07.08"]
[Round "5.46"]
[White "Caceres Vasquez, Sergio"]
[Black "Gasic Merino, Franco"]
[Result "0-1"]
[WhiteElo "2081"]
[BlackElo "2226"]
[EventDate "2019.07.05"]
[PlyCount "120"]
[EventRounds "11"]
[EventCountry "BRA"]

1.d4 Nf6 2.c4 g6 3.Nc3 Bg7 4.e4 d6 5.Nf3 O-O 6.Be2 Na6 7.O-O e5 8.Be3 Ng4 
9.Bg5 f6 10.Bh4 Nh6 11.dxe5 dxe5 12.Qxd8 Rxd8 13.Nd5 g5 14.Bg3 c6 15.Nc3 
Nf7 16.Rfd1 Be6 17.Nd2 Bf8 18.Nb3 Bb4 19.f3 Bxc3 20.bxc3 Rxd1+ 21.Rxd1 b6 
22.Bf2 c5 23.Na1 Rd8 24.Rxd8+ Nxd8 25.Nc2 Nc7 26.Ne3 Ne8 27.h4 h6 28.hxg5 
hxg5 29.Kf1 Kf7 30.Ke1 Nd6 31.Kd2 Nc6 32.Bg1 Na5 33.Bd3 Bxc4 34.Nxc4 
Naxc4+ 35.Ke2 Na3 36.Kd2 Ke7 37.Bf2 Nab5 38.Bg1 Nc7 39.Bf2 Ne6 40.Bf1 Kd7 
41.Kc2 Kc6 42.Kd2 c4 43.Kc2 Nc5 44.Be3 b5 45.Bd2 a5 46.Be1 Ne8 47.Be2 Ng7 
48.Bf1 Nge6 49.Be2 Nf4 50.Bf1 Nfd3 51.Bd2 b4 52.cxb4 axb4 53.Be3 Kb5 54.
Bg1 Ne1+ 55.Kd1 Ncd3 56.Bf2 Nxg2 57.Bxd3 cxd3 58.Kd2 Kc4 59.Bb6 Nh4 60.Kd1
Nxf3 0-1

[Event "XIV American Continental"]
[Site "Sao Paulo BRA"]
[Date "2019.07.08"]
[Round "5.47"]
[White "Almeida Junior, Alvaro Alves de"]
[Black "Sega, Carlos Alberto"]
[Result "1-0"]
[WhiteElo "2076"]
[BlackElo "2220"]
[EventDate "2019.07.05"]
[PlyCount "55"]
[EventRounds "11"]
[EventCountry "BRA"]

1.e4 e5 2.Nf3 Nc6 3.Bc4 Nf6 4.Ng5 d5 5.exd5 Na5 6.Bb5+ c6 7.dxc6 bxc6 8.
Qf3 Be7 9.Bd3 h6 10.Ne4 Nd5 11.Ng3 g6 12.a3 Nf4 13.b4 Nxd3+ 14.cxd3 Nb3 
15.Ra2 Nd4 16.Qe4 Be6 17.Rb2 Bd5 18.Qxe5 O-O 19.Qxd4 Bf6 20.Qe3 Bxg2 21.
Rg1 Bd4 22.Qxh6 Re8+ 23.Kd1 Bg7 24.Qf4 Bxb2 25.Bxb2 Qxd3 26.Kc1 Re6 27.Qh6
f6 28.Nh5 1-0

[Event "XIV American Continental"]
[Site "Sao Paulo BRA"]
[Date "2019.07.08"]
[Round "5.48"]
[White "Torella, Rodolfo"]
[Black "Abrantes, Tiago Garrido"]
[Result "1/2-1/2"]
[WhiteElo "2047"]
[BlackElo "2177"]
[EventDate "2019.07.05"]
[PlyCount "165"]
[EventRounds "11"]
[EventCountry "BRA"]

1.e4 e5 2.Nc3 Nf6 3.g3 d5 4.exd5 Nxd5 5.Bg2 Nxc3 6.bxc3 Bc5 7.Nf3 Nc6 8.
O-O O-O 9.d3 Bg4 10.Qe1 Re8 11.Rb1 Bb6 12.Be3 Qd7 13.Nd2 Nd4 14.cxd4 exd4 
15.Nc4 Bh3 16.Bxh3 Qxh3 17.Qd2 dxe3 18.fxe3 Qe6 19.a4 Rad8 20.Qf2 Rd5 21.
Kh1 f5 22.a5 Bc5 23.d4 Bf8 24.Ne5 g6 25.Rxb7 Rxa5 26.Rxc7 Bd6 27.Rc6 Qd5+ 
28.Qf3 Bxe5 29.Qxd5+ Rxd5 30.dxe5 Rdxe5 31.Re1 a5 32.Ra1 Rd5 33.Ra3 Rd2 
34.Rcc3 Rb8 35.Rcb3 Rc8 36.Rc3 Rb8 37.Rab3 Rbd8 38.Rb7 Re2 39.Rb1 Rdd2 40.
Rc7 Rxh2+ 41.Kg1 Rdg2+ 42.Kf1 Rh1+ 43.Kxg2 Rxb1 44.Kf3 Rb4 45.c4 a4 46.c5 
Rc4 47.Ra7 g5 48.c6 g4+ 49.Kf2 Rxc6 50.Rxa4 Rc2+ 51.Kf1 Rc8 52.Kf2 Rc2+ 
53.Kf1 Kg7 54.Rf4 Kg6 55.e4 Rc5 56.Kg2 Kg5 57.exf5 Rxf5 58.Ra4 Rb5 59.Ra2 
h5 60.Rc2 Kf5 61.Re2 Rc5 62.Rf2+ Ke4 63.Re2+ Kd4 64.Ra2 Rd5 65.Kf2 Rf5+ 
66.Kg2 Rc5 67.Kf2 Kd3 68.Ra3+ Kd2 69.Ra2+ Kd3 70.Ra3+ Kd4 71.Ra2 Rf5+ 72.
Kg2 Re5 73.Ra4+ Ke3 74.Ra3+ Ke4 75.Ra4+ Kf5 76.Ra2 Kg5 77.Rb2 h4 78.gxh4+ 
Kxh4 79.Ra2 Re3 80.Rb2 Rg3+ 81.Kh2 Re3 82.Kg2 Rg3+ 83.Kh2 1/2-1/2

[Event "XIV American Continental"]
[Site "Sao Paulo BRA"]
[Date "2019.07.08"]
[Round "5.49"]
[White "Do Nascimento, Christian Almeida"]
[Black "Alboredo, Julia"]
[Result "0-1"]
[WhiteElo "2033"]
[BlackElo "2175"]
[EventDate "2019.07.05"]
[PlyCount "84"]
[EventRounds "11"]
[EventCountry "BRA"]

1.d4 Nf6 2.Bg5 d5 3.Bxf6 gxf6 4.e3 c5 5.Nc3 e6 6.g3 Nc6 7.Nge2 cxd4 8.exd4
f5 9.Bg2 Bg7 10.O-O O-O 11.Qd2 b6 12.Rfe1 Ba6 13.a4 Rc8 14.Nb5 Qd7 15.c3 
Na5 16.Qg5 h6 17.Qh4 Bxb5 18.axb5 Qxb5 19.b4 Nb7 20.Rxa7 Rc7 21.Nf4 Qd7 
22.g4 Nd6 23.Rxc7 Qxc7 24.Qg3 Kh7 25.g5 Ne4 26.g6+ Kg8 27.Bxe4 dxe4 28.
gxf7+ Qxf7 29.f3 Kh7 30.Kh1 e5 31.dxe5 Bxe5 32.fxe4 fxe4 33.Rxe4 Bxf4 34.
Qd3 Kg8 35.Rd4 Bg5 36.Rd6 Qf1+ 37.Qxf1 Rxf1+ 38.Kg2 Rf6 39.Rd7 Rc6 40.Rb7 
Be3 41.Kf3 Rxc3 42.Ke4 Bg1 0-1

[Event "XIV American Continental"]
[Site "Sao Paulo BRA"]
[Date "2019.07.08"]
[Round "5.50"]
[White "Fiaes, Mario Henrique Andrade"]
[Black "Ferreira, Kleber Victor"]
[Result "1-0"]
[WhiteElo "2173"]
[BlackElo "2038"]
[EventDate "2019.07.05"]
[PlyCount "63"]
[EventRounds "11"]
[EventCountry "BRA"]

1.c4 f5 2.d4 e6 3.Nf3 Nf6 4.g3 Be7 5.Bg2 O-O 6.O-O a5 7.Nc3 d6 8.Qc2 Nc6 
9.e4 e5 10.dxe5 dxe5 11.exf5 Qe8 12.Nd5 Bd8 13.Re1 Qh5 14.Ne3 e4 15.Nd2 
Bxf5 16.Nxf5 Qxf5 17.Nxe4 Ng4 18.Be3 Nxe3 19.Rxe3 Nd4 20.Qd2 c5 21.Nd6 Qf6
22.Bd5+ Kh8 23.Nb5 Nxb5 24.cxb5 Be7 25.Bxb7 Rad8 26.Qe2 Bd6 27.Rd1 Bxg3 
28.Rxg3 Rxd1+ 29.Qxd1 Qxf2+ 30.Kh1 Qxb2 31.Rf3 Rb8 32.Qf1 1-0

[Event "XIV American Continental"]
[Site "Sao Paulo BRA"]
[Date "2019.07.08"]
[Round "5.51"]
[White "Carvalho Fattoruso, Guillermo"]
[Black "Freitas Capiberibe, Andre Antoni"]
[Result "1/2-1/2"]
[WhiteElo "2162"]
[BlackElo "2024"]
[EventDate "2019.07.05"]
[PlyCount "55"]
[EventRounds "11"]
[EventCountry "BRA"]

1.d4 g6 2.Nf3 Bg7 3.g3 f5 4.Bg2 Nf6 5.O-O O-O 6.b3 d6 7.Bb2 c6 8.c4 Ne4 9.
Nbd2 Nxd2 10.Qxd2 Nd7 11.Rad1 Qc7 12.d5 Nf6 13.dxc6 bxc6 14.Qc2 c5 15.Ng5 
Rb8 16.Qd3 h6 17.Bd5+ Nxd5 18.Qxd5+ Kh8 19.Bxg7+ Kxg7 20.Ne6+ Bxe6 21.Qxe6
Rf6 22.Qe3 Rbf8 23.f4 a5 24.a4 Qb7 25.Rd3 Qe4 26.Qd2 Re6 27.Rf2 Ra8 28.
Qc3+ 1/2-1/2

[Event "XIV American Continental"]
[Site "Sao Paulo BRA"]
[Date "2019.07.08"]
[Round "5.52"]
[White "De Souza, Cristiano Gomes"]
[Black "Madeira, Wagner Martins"]
[Result "1-0"]
[WhiteElo "2000"]
[BlackElo "2150"]
[EventDate "2019.07.05"]
[PlyCount "87"]
[EventRounds "11"]
[EventCountry "BRA"]

1.d4 Nf6 2.c4 c5 3.d5 b5 4.cxb5 a6 5.bxa6 Bxa6 6.Nc3 d6 7.Nf3 g6 8.g3 Bg7 
9.Bg2 O-O 10.Rb1 Nbd7 11.O-O Ra7 12.Qd2 Qa8 13.Rd1 Ng4 14.b3 Bxc3 15.Qxc3 
Bxe2 16.Re1 Bxf3 17.Bxf3 Nge5 18.Bg2 Rxa2 19.Bh6 f6 20.Bxf8 Kxf8 21.Ra1 
Nb6 22.Rxa2 Qxa2 23.Qe3 Qa7 24.Qh6+ Kg8 25.h3 Nd3 26.Rf1 Nb4 27.Qe3 Kf8 
28.Qh6+ Kg8 29.Rd1 Nc2 30.h4 Qa2 31.h5 Qxb3 32.hxg6 hxg6 33.Bh3 f5 34.
Qxg6+ Kf8 35.Bxf5 Ne3 36.Qh6+ Ke8 37.Qh8+ Kf7 38.Be6+ Kg6 39.Qe8+ Kh6 40.
Qf8+ Kg6 41.Qf7+ Kh6 42.Qf4+ Kg6 43.Qe4+ Kg7 44.Rb1 1-0

[Event "XIV American Continental"]
[Site "Sao Paulo BRA"]
[Date "2019.07.08"]
[Round "5.53"]
[White "Balzano, Ivan"]
[Black "Acosta, Pablo Alejandro"]
[Result "0-1"]
[WhiteElo "2141"]
[BlackElo "1992"]
[EventDate "2019.07.05"]
[PlyCount "102"]
[EventRounds "11"]
[EventCountry "BRA"]

1.e4 e6 2.d4 d5 3.Nd2 Nf6 4.e5 Nfd7 5.Bd3 c5 6.c3 b6 7.Ne2 Ba6 8.Nf3 Bxd3 
9.Qxd3 Nc6 10.O-O Be7 11.Nf4 Rb8 12.Re1 b5 13.Nh5 g6 14.Nf4 b4 15.h4 Bxh4 
16.g3 Be7 17.Kg2 bxc3 18.bxc3 cxd4 19.cxd4 Nb6 20.Ba3 Nc4 21.Bxe7 Qxe7 22.
Rab1 Qa3 23.Rxb8+ Nxb8 24.Rb1 Qxd3 25.Nxd3 Nb6 26.Rc1 O-O 27.Rc7 a5 28.Nc5
h6 29.Nb7 Nc4 30.Nh2 Na6 31.Rd7 Nb4 32.Ng4 Nc6 33.Nf6+ Kg7 34.f4 Nxd4 35.
Nd8 a4 36.Kf2 h5 37.Kg2 a3 38.Kf2 Na5 39.Ke3 Nac6 40.Nb7 Nf5+ 41.Kf2 Ncd4 
42.Nd8 g5 43.Nxh5+ Kg6 44.g4 gxf4 45.Nxf4+ Kg5 46.Nxd5 Kxg4 47.Ne3+ Kf4 
48.Nc4 Rh8 49.Kg2 Nf3 50.Rxf7 Rh2+ 51.Kf1 Kg3 0-1

[Event "XIV American Continental"]
[Site "Sao Paulo BRA"]
[Date "2019.07.08"]
[Round "5.54"]
[White "Tomiello, Lucas Costamilan"]
[Black "Okamura, Milton Kasuo"]
[Result "1-0"]
[WhiteElo "2133"]
[BlackElo "1974"]
[EventDate "2019.07.05"]
[PlyCount "67"]
[EventRounds "11"]
[EventCountry "BRA"]

1.e4 c5 2.Nf3 e6 3.d4 cxd4 4.Nxd4 Nc6 5.Nc3 Qc7 6.Be3 Nf6 7.Bd3 a6 8.O-O 
Ne5 9.h3 d6 10.f4 Ned7 11.g4 Nc5 12.Qe1 b5 13.g5 b4 14.gxf6 bxc3 15.Qxc3 
Qb7 16.Nf3 Nxe4 17.fxg7 Rg8 18.Qd4 Nc5 19.Kh2 Rxg7 20.Be2 Qe4 21.b4 Qxc2 
22.Rf2 Nd7 23.Bxa6 Qa4 24.Bd3 Bb7 25.Rc1 Rc8 26.Rxc8+ Bxc8 27.b5 Qa3 28.b6
Bb7 29.Bb5 Rg8 30.Ne5 Bg7 31.Bxd7+ Kd8 32.Qc4 Qxe3 33.Qc7+ Ke7 34.Bxe6+ 
1-0

[Event "XIV American Continental"]
[Site "Sao Paulo BRA"]
[Date "2019.07.08"]
[Round "5.55"]
[White "Freitas, Remulo Aguiar"]
[Black "Dos Reis, Leandro Aparecido C."]
[Result "1-0"]
[WhiteElo "2129"]
[BlackElo "1990"]
[EventDate "2019.07.05"]
[PlyCount "56"]
[EventRounds "11"]
[EventCountry "BRA"]

1.d4 Nf6 2.Bg5 e6 3.e4 h6 4.Bxf6 Qxf6 5.Nf3 d5 6.Nbd2 Nc6 7.c3 Bd7 8.Bd3 
g5 9.e5 Qg7 10.h3 O-O-O 11.b4 f6 12.b5 Nxe5 13.dxe5 fxe5 14.Be2 e4 15.Nd4 
Bd6 16.Qa4 Bc5 17.N2b3 Bb6 18.Qb4 e5 19.a4 exd4 20.a5 Bxa5 21.Qxa5 d3 22.
Kd2 dxe2 23.Qxa7 Bxb5 24.Nc5 c6 25.Qa8+ Kc7 26.Qxb7+ Kd6 27.Qxg7 Kxc5 28.
Qe7+ Rd6 1-0

[Event "XIV American Continental"]
[Site "Sao Paulo BRA"]
[Date "2019.07.08"]
[Round "5.56"]
[White "Sanches Casanova, Romario"]
[Black "Andrade, Roberto Luiz Costa"]
[Result "1-0"]
[WhiteElo "2014"]
[BlackElo "2123"]
[EventDate "2019.07.05"]
[PlyCount "127"]
[EventRounds "11"]
[EventCountry "BRA"]

1.c4 c5 2.Nc3 Nc6 3.g3 g6 4.Bg2 Bg7 5.d3 d6 6.e4 e6 7.Nge2 Nge7 8.Be3 O-O 
9.Qd2 Nd4 10.O-O Nec6 11.Bh6 a6 12.Bxg7 Kxg7 13.Nxd4 Nxd4 14.f4 e5 15.Ne2 
Nxe2+ 16.Qxe2 f6 17.h4 h6 18.a4 Bd7 19.a5 Rb8 20.Kh2 Qe7 21.Bh3 Bc6 22.h5 
g5 23.fxg5 fxg5 24.Rxf8 Rxf8 25.Rf1 Qd8 26.Rxf8 Qxf8 27.Kg2 Be8 28.Bg4 Qf6
29.Qf3 Qxf3+ 30.Kxf3 Kf6 31.Bc8 Bxh5+ 32.Ke3 Be8 33.Bxb7 Ke7 34.Bxa6 Bc6 
35.Bb5 Bb7 36.Ba4 Kd8 37.Bd1 Bc8 38.Kd2 Bd7 39.g4 Kc7 40.Kc3 Kb7 41.b4 Ka6
42.Kb3 Be8 43.Bf3 Bd7 44.Be2 Be8 45.Bd1 Bd7 46.Ka3 Be8 47.Ba4 cxb4+ 48.
Kxb4 Bf7 49.Bd1 Be6 50.Bf3 Kb7 51.c5 Kc6 52.cxd6 Kxd6 53.a6 Bd7 54.a7 Bc6 
55.Kc4 Bb7 56.d4 Ba6+ 57.Kb4 Bb7 58.d5 Ba8 59.Kb5 Kc7 60.Kc5 Bb7 61.Be2 
Ba8 62.Ba6 Kd7 63.Kb6 Kd6 64.Bc8 1-0

[Event "XIV American Continental"]
[Site "Sao Paulo BRA"]
[Date "2019.07.08"]
[Round "5.57"]
[White "Piccoli, Lucas Fonseca"]
[Black "Gazola, Vanessa Ramos"]
[Result "1-0"]
[WhiteElo "2116"]
[BlackElo "1954"]
[EventDate "2019.07.05"]
[PlyCount "89"]
[EventRounds "11"]
[EventCountry "BRA"]

1.c4 e6 2.Nc3 d5 3.cxd5 exd5 4.d4 Be7 5.Bf4 Nf6 6.e3 Bd6 7.Bg5 c6 8.Bd3 
Nbd7 9.Nge2 Nf8 10.Qc2 Bd7 11.a3 a5 12.e4 dxe4 13.Nxe4 Be7 14.Bxf6 Bxf6 
15.Nd6+ Ke7 16.Nxb7 Qb6 17.Qc5+ Qxc5 18.Nxc5 Rb8 19.O-O-O Ne6 20.Nxd7 Kxd7
21.Bf5 Rb5 22.Bxe6+ fxe6 23.Nc3 Rf5 24.Ne4 Ke7 25.Nxf6 gxf6 26.Rd2 Rg8 27.
g3 Rd8 28.Rhd1 Kf7 29.Kc2 a4 30.Rd3 Rb5 31.b4 Rbd5 32.Rc3 R8d6 33.Rc5 Ke7 
34.Rd3 Kd7 35.Rxd5 Rxd5 36.Kd2 Rh5 37.h4 Rd5 38.Ke3 f5 39.Rc3 f4+ 40.Ke4 
fxg3 41.fxg3 Rf5 42.Rf3 Rh5 43.Rf7+ Kd6 44.Ra7 e5 45.Ra5 1-0

[Event "XIV American Continental"]
[Site "Sao Paulo BRA"]
[Date "2019.07.08"]
[Round "5.58"]
[White "Montero Martinez, Cristhian"]
[Black "Borges, Wagner da Silva"]
[Result "1-0"]
[WhiteElo "1991"]
[BlackElo "2114"]
[EventDate "2019.07.05"]
[PlyCount "73"]
[EventRounds "11"]
[EventCountry "BRA"]

1.d4 Nf6 2.Bf4 g6 3.Nf3 Bg7 4.Nc3 O-O 5.Qd2 d5 6.Ne5 c6 7.f3 Nfd7 8.O-O-O 
Nb6 9.e4 f6 10.Ng4 g5 11.Bxb8 Rxb8 12.h4 Bxg4 13.fxg4 gxh4 14.exd5 Nxd5 
15.Bc4 b5 16.Bb3 a5 17.a4 bxa4 18.Nxa4 Rxb3 19.cxb3 e5 20.Rxh4 e4 21.Rdh1 
Qb8 22.Qc2 Qf4+ 23.Kb1 Nb4 24.Qc4+ Rf7 25.Nc3 e3 26.d5 Qf2 27.dxc6 e2 28.
Nxe2 Nxc6 29.Nc3 Nb4 30.Rxh7 Qc2+ 31.Ka1 Nd3 32.Na4 Qe2 33.Qc8+ Rf8 34.
Qe6+ Rf7 35.g5 fxg5 36.Rxg7+ Kxg7 37.Qh6+ 1-0

[Event "XIV American Continental"]
[Site "Sao Paulo BRA"]
[Date "2019.07.08"]
[Round "5.59"]
[White "Tomiello, Mateus Costamilan"]
[Black "Bil Ramos, Angelo"]
[Result "1-0"]
[WhiteElo "2114"]
[BlackElo "1937"]
[EventDate "2019.07.05"]
[PlyCount "91"]
[EventRounds "11"]
[EventCountry "BRA"]

1.e4 e5 2.Nf3 Nc6 3.Bb5 a6 4.Ba4 Nf6 5.O-O Be7 6.Re1 b5 7.Bb3 d6 8.c3 O-O 
9.d4 Bg4 10.d5 Na5 11.Bc2 c6 12.h3 Bc8 13.dxc6 Qc7 14.Nbd2 Qxc6 15.Nf1 Bb7
16.Ng3 g6 17.a4 Qc7 18.Qe2 Bc6 19.b4 Nc4 20.a5 Rac8 21.Bh6 Rfe8 22.Bb3 Bd7
23.Rad1 Red8 24.Rd3 Ne8 25.Red1 Ng7 26.Nf1 f6 27.Ne3 Be6 28.Nd5 Bxd5 29.
Rxd5 Kh8 30.g3 Qc6 31.Kg2 Qe8 32.h4 Ne6 33.Bc1 Qf7 34.h5 g5 35.Nh2 Rc6 36.
Qf3 h6 37.Ng4 Kg7 38.Be3 Rdc8 39.Bc1 Rh8 40.Bxc4 bxc4 41.Ne3 Rd8 42.b5 
axb5 43.Rxb5 Kg8 44.Ba3 Ng7 45.Nd5 Ne8 46.Rb7 1-0

[Event "XIV American Continental"]
[Site "Sao Paulo BRA"]
[Date "2019.07.08"]
[Round "5.60"]
[White "Monteiro, Marcos Paulo de Souza"]
[Black "Luz, Arthur Nader"]
[Result "0-1"]
[WhiteElo "1953"]
[BlackElo "2114"]
[EventDate "2019.07.05"]
[PlyCount "104"]
[EventRounds "11"]
[EventCountry "BRA"]

1.d4 Nf6 2.c4 g6 3.Nc3 Bg7 4.e4 d6 5.Nf3 O-O 6.Be2 e5 7.dxe5 dxe5 8.Qxd8 
Rxd8 9.Bg5 Rf8 10.O-O-O Na6 11.Ne1 Nc5 12.f3 Ne6 13.Be3 Nh5 14.c5 Nhf4 15.
Bc4 Nd4 16.Bxd4 exd4 17.Nb5 Be6 18.Bxe6 Nxe6 19.Nd3 Rfd8 20.Kb1 Bh6 21.g3 
a6 22.Na3 f5 23.exf5 gxf5 24.f4 Bf8 25.Rhe1 Nxc5 26.Re5 Nxd3 27.Rxd3 Bxa3 
28.Rxa3 Rd6 29.Rxf5 Re8 30.Rd3 b6 31.b4 Rc8 32.Re5 c5 33.bxc5 bxc5 34.Re4 
Kf7 35.Kc2 Re6 36.Rxe6 Kxe6 37.Ra3 Rc6 38.Kd3 Kd5 39.Ra5 Rh6 40.f5 Rxh2 
41.f6 Rf2 42.f7 Rxf7 43.Rxa6 Rf2 44.Ra5 h5 45.a4 Ra2 46.Rb5 Rxa4 47.Ke2 
Kc4 48.Rb8 d3+ 49.Ke3 Kc3 50.Rc8 c4 51.Rc5 Ra1 52.Rd5 Re1+ 0-1